Obchodní cesty: Rakousko

Základné demografické údaje Rakúska. Členstvo Rakúska v medzinárodných organizáciách. Základné ekonomické ukazovatele, zahraničný obchod a dvojstranné dohody. Praktické rady, dôležité adresy a zvláštne upozornenia pri cestovaní do Rakúska.

Saved in:
Bibliographic Details
Main Author: Kotápišová, Lada
Format: Book Chapter
Language:Czech
Subjects:
Tags: Add Tag
No Tags, Be the first to tag this record!

MARC

LEADER 00000naa a2200000 4500
001 r034522
005 20230908092614.3
041 0 |a cze 
044 |a CZ 
245 1 0 |a Obchodní cesty: Rakousko  |c Lada Kotápišová 
520 |a Základné demografické údaje Rakúska. Členstvo Rakúska v medzinárodných organizáciách. Základné ekonomické ukazovatele, zahraničný obchod a dvojstranné dohody. Praktické rady, dôležité adresy a zvláštne upozornenia pri cestovaní do Rakúska. 
610 2 0 |a styk zahraničnoobchodný 
610 2 0 |a demografia 
610 2 0 |a ukazovatele ekonomické 
610 2 0 |a obchod zahraničný 
610 2 0 |a rokovania obchodné 
610 2 0 |a dohody obchodné medzinárodné 
610 2 0 |a Rakúsko 
100 1 |a Kotápišová, Lada